<?xml version="1.0" encoding="UTF-8"?>
<record
    xmlns:xsi="http://www.w3.org/2001/XMLSchema-instance"
    xsi:schemaLocation="http://www.loc.gov/MARC21/slim http://www.loc.gov/standards/marcxml/schema/MARC21slim.xsd"
    xmlns="http://www.loc.gov/MARC21/slim">

  <leader>00443nam a22001577a 4500</leader>
  <controlfield tag="003">0</controlfield>
  <controlfield tag="005">20230621090724.0</controlfield>
  <controlfield tag="008">230621b        xxu||||| |||| 00| 0 eng d</controlfield>
  <datafield tag="020" ind1=" " ind2=" ">
    <subfield code="a">978-971-009-108-9</subfield>
  </datafield>
  <datafield tag="082" ind1=" " ind2=" ">
    <subfield code="a">ER</subfield>
    <subfield code="b">.Go573 2011</subfield>
  </datafield>
  <datafield tag="245" ind1=" " ind2=" ">
    <subfield code="a">Bee safe</subfield>
    <subfield code="c">Go, Joyce Piap</subfield>
  </datafield>
  <datafield tag="260" ind1=" " ind2=" ">
    <subfield code="a">Mandaluyong City</subfield>
    <subfield code="b">OMF Literature, Inc.</subfield>
    <subfield code="c">c2011</subfield>
  </datafield>
  <datafield tag="300" ind1=" " ind2=" ">
    <subfield code="a">32pp. </subfield>
    <subfield code="b">col. ill. </subfield>
    <subfield code="c">16cm. </subfield>
  </datafield>
  <datafield tag="500" ind1=" " ind2=" ">
    <subfield code="a">Safety education-Juvenile literature.</subfield>
  </datafield>
  <datafield tag="942" ind1=" " ind2=" ">
    <subfield code="2">ddc</subfield>
    <subfield code="c">ER</subfield>
  </datafield>
  <datafield tag="999" ind1=" " ind2=" ">
    <subfield code="c">365075</subfield>
    <subfield code="d">365075</subfield>
  </datafield>
  <datafield tag="952" ind1=" " ind2=" ">
    <subfield code="0">0</subfield>
    <subfield code="1">0</subfield>
    <subfield code="2">ddc</subfield>
    <subfield code="4">0</subfield>
    <subfield code="a">MU</subfield>
    <subfield code="b">MU</subfield>
    <subfield code="c">ER</subfield>
    <subfield code="d">2023-06-21</subfield>
    <subfield code="e">Library Fund</subfield>
    <subfield code="k">ER</subfield>
    <subfield code="l">0</subfield>
    <subfield code="o">ER Go573 2011</subfield>
    <subfield code="p">M8394</subfield>
    <subfield code="r">2023-06-21 00:00:00</subfield>
    <subfield code="w">2023-06-21</subfield>
    <subfield code="y">ER</subfield>
  </datafield>
</record>
